000 01173nam a2200325 a 4500
001 000004071
003 DO-SdBNP
005 20250408123231.0
007 ta
008 090716s2007 dr ab 000 0 spa d
020 _a9789993458517
040 _aDO-SdBNP
_bspa
_cBNPHU
082 4 _a972.93
_bG984h, 2007
_222
100 1 _aGutiérrez Félix, Euclides,
_d1936-
_95673
245 1 0 _aHaití y la República Dominicana :
_bun origen y dos destinos /
_cEuclides Gutiérrez Félix ; prólogo Manuel Núñez.
250 _a2a. ed.
260 _aSanto Domingo :
_bCorripio,
_c2007.
300 _a393 p. :
_bil. , mapa ;
_c23 cm.
490 1 _aEnsayos históricos
500 _aIncluye índice onomástico
500 _aIncluye referencias bibliográficas y notas al pie de las páginas
651 4 _aRepública Dominicana
_xHistoria
_9170
651 4 _aHaití
_xHistoria
_98418
651 4 _aRepública Dominicana
_xRelaciones
_zHaití
_95153
651 4 _aHaití
_xRelaciones
_zRepública Dominicana
_92614
700 1 _aNúñez, Manuel,
_d1957-
_epról.
_92366
830 0 _aEnsayos históricos
_912145
910 _aValidado. Control de calidad MMOLINA
942 _2ddc
_cLBS1
999 _c3889
_d3889